LEADER 00942cam2 2200265 450 001 E600200064613 005 20180420102222.0 100 $a20100614d1930 |||||ita|0103 ba 101 $aita 102 $aIT 200 0 $a2$fW. R. Thayer 210 $aMilano$cVallardi$d1930 215 $a516 p.$cill.$d22 cm 461 1$1001E600200064612$12000 $a<>vita ed i tempi di Cavour / W. R. Thayer ; prima edizione italiana tradotta da Enrico Scaravelli ; curata da Vittorio Giglio 700 1$aThayer$b, William Rescoe$3A600200061518$4070$0775769 702 1$aGiglio, Vittorio$3A600200040850$4070 801 0$aIT$bUNISOB$c20180420$gRICA 850 $aUNISOB 852 $aUNISOB$j900$m19255 912 $aE600200064613 940 $aM 102 Monografia moderna SBN 941 $aW 957 $a900$b002162$i-2$gSI$d19255$racquisto$1catenacci$2UNISOB$3UNISOB$420100614071016.0$520180420102222.0$6bethb 996 $a2$91702257 997 $aUNISOB